1278 1497 1719 1549 1293 1431 1955 1257 1840 1600 1654 1684 1788 1774 1593 1914 1667 1008 1537 1624 1206 1663 1273 1384 1781 1314 1135 1650 1591 1433 1081 1055 1759 1133 1622 1124 1813 1990 1708 1198 1357 1924 1509 1415 1997 1285 1195 1826 1405 1249 1716 1856 1161 1614 1218 1358 1324 1067 1855 1934 1331 1929 1560 1480 1713 1993 1102 1956 1692 1134 1381 1486 1775 1538 1036 1481 1691 1894 1164 1216 1102 1305 1055 1470 1830 1658 1096 1916 1697 1501 1926 1100 1391 1868 1367 1432 1291 1675 1998 BCNSPRNW ULIB Ver.6.0+V

เปลี่ยนเป็นภาษาไทย

Change to English
 แสดงรายละเอียดบรรณานุกรม
  กลับหน้าหลัก

Brief Record : Get Marc (ISO 2709) : E-mail record : QR code < ปิดหน้าต่าง
LEADER : 00000nam 2200000uu 4500
001    13399121755
003     ULIB
008    121204s2555||||th 000 0 tha d
020    ^a9786160002979
090    ^aนว.^bป618ป
100 0  ^aปิ่นปินัทธ์
245 10 ^aปทมาศวรรย์ /^cปิ่นปินัทธ์
250    ^aพิมพ์ครั้งที่ 1
260    ^aกรุงเทพฯ :^bพิมพ์คำ,^c2555
300    ^a567 หน้า ;^c21 ซม.
490 0  ^aชุดดวงดอกไม้
650  4 ^aนวนิยายไทย
830  0 ^aชุดดวงดอกไม้
945    ^p340^l0^i033170
999    ^aใช้งานได้ทุกระบบ
รายการนี้ยังไม่มีแท็ก
คุณยังไม่ได้ล็อกอิน คุณสามารถมีกิจกรรมร่วมกับเว็บไซต์ได้ แต่ต้องล็อกอินก่อน ::
  ล็อกอิน

รายการสื่อสารสนเทศ

ลำดับที่ ประเภท เลขเรียก/บาร์โค้ด สถานที่ สถานะ
1. นวนิยาย
นวนิยาย
นว. ป618ป  
  Barcode: 033170
ห้องสมุดวิทยาเขตสวรรค์ประชารักษ์
►นวนิยาย
บนชั้น
  ขอยืม

รายการใกล้เคียง
    ผู้แต่ง [ปิ่นปินัทธ์]

    หัวเรื่อง [นวนิยายไทย]

BibComment


ยังไม่เคยถูกคอมเมนท์

คอมเมนท์ทรัพยากรรายการนี้
  คอมเมนท์: ปทมาศวรรย์ ปิ่น..


 Copyright 2026. Bcnsprnw @Library